Annual Digest of Statistics 1989

Na minha lista:
Detalhes bibliográficos
Formato: Livro
Idioma:inglês
Publicado em: Rose Hill Central Statistical Office 1990
Edição:1. ed.
Tags: Adicionar Tag
Sem tags, seja o primeiro a adicionar uma tag!

MARC

LEADER 00000nam a2200000 4500
001 c023398
005 20221215113323.9
041 0 |a eng 
044 |a US 
245 1 0 |a Annual Digest of Statistics 1989 
250 |a 1. ed. 
264 1 |a Rose Hill  |b Central Statistical Office  |c 1990 
300 |a 157 s.